MARC details
| 000 -LEADER |
| fixed length control field |
02828cam a2200469 a 4500 |
| 001 - CONTROL NUMBER |
| control field |
ocn316772154 |
| 003 - CONTROL NUMBER IDENTIFIER |
| control field |
OCoLC |
| 005 - DATE AND TIME OF LATEST TRANSACTION |
| control field |
20220304095416.0 |
| 008 - FIXED-LENGTH DATA ELEMENTS--GENERAL INFORMATION |
| fixed length control field |
090319s2010 njua 001 0 eng |
| 010 ## - LIBRARY OF CONGRESS CONTROL NUMBER |
| LC control number |
2009009729 |
| 015 ## - NATIONAL BIBLIOGRAPHY NUMBER |
| National bibliography number |
GBA967043 |
| Source |
bnb |
| 016 7# - NATIONAL BIBLIOGRAPHIC AGENCY CONTROL NUMBER |
| Record control number |
015307434 |
| Source |
Uk |
| 020 ## - INTERNATIONAL STANDARD BOOK NUMBER |
| International Standard Book Number |
9780470392225 (cloth) |
| 020 ## - INTERNATIONAL STANDARD BOOK NUMBER |
| International Standard Book Number |
0470392223 (cloth) |
| 029 1# - OTHER SYSTEM CONTROL NUMBER (OCLC) |
| OCLC library identifier |
AU@ |
| System control number |
000044813872 |
| 029 1# - OTHER SYSTEM CONTROL NUMBER (OCLC) |
| OCLC library identifier |
CDX |
| System control number |
9773481 |
| 029 1# - OTHER SYSTEM CONTROL NUMBER (OCLC) |
| OCLC library identifier |
DEBBG |
| System control number |
BV035846356 |
| 035 ## - SYSTEM CONTROL NUMBER |
| System control number |
(OCoLC)316772154 |
| Canceled/invalid control number |
(OCoLC)317456919 |
| 040 ## - CATALOGING SOURCE |
| Original cataloging agency |
DLC |
| Language of cataloging |
eng |
| Transcribing agency |
DLC |
| Modifying agency |
YDX |
| -- |
SGB |
| -- |
YDXCP |
| -- |
CDX |
| -- |
BTCTA |
| -- |
UKM |
| -- |
DEBBG |
| -- |
OCL |
| -- |
BDX |
| -- |
CUS |
| -- |
OHS |
| -- |
OCLCF |
| -- |
OSU |
| 050 00 - LIBRARY OF CONGRESS CALL NUMBER |
| Classification number |
QA276.12 |
| Item number |
.W57 2010 |
| 082 00 - DEWEY DECIMAL CLASSIFICATION NUMBER |
| Classification number |
519.5 |
| Edition number |
22 |
| 084 ## - OTHER CLASSIFICATION NUMBER |
| Classification number |
CM 4000 |
| Number source |
rvk |
| 100 1# - MAIN ENTRY--PERSONAL NAME |
| Personal name |
Witte, Robert S., |
| Relator term |
author. |
| 245 10 - TITLE STATEMENT |
| Title |
Statistics / |
| Statement of responsibility, etc. |
Robert S. Witte, John S. Witte. |
| 250 ## - EDITION STATEMENT |
| Edition statement |
Ninth edition. |
| 260 ## - PUBLICATION, DISTRIBUTION, ETC. |
| Place of publication, distribution, etc. |
Hoboken, NJ : |
| Name of publisher, distributor, etc. |
J. Wiley & Sons, |
| Date of publication, distribution, etc. |
c2010. |
| 300 ## - PHYSICAL DESCRIPTION |
| Extent |
xvii, 556 pages : |
| Other physical details |
illustrations ; |
| Dimensions |
25 cm. |
| 500 ## - GENERAL NOTE |
| General note |
Includes index. |
| 505 0# - FORMATTED CONTENTS NOTE |
| Formatted contents note |
Acknowledgments -- Introduction -- Pt. 1. Descriptive statistics : Organizing and summarizing data -- Describing data with tables and graphs -- Describing data with averages -- Describing variability -- Normal distributions and standard (z) scores -- Describing relationships : Correlation -- Regression -- Pt. 2. Inferential statistics : Generalizing beyond data -- Populations, samples, and probability -- Populations and samples -- Probability -- Sampling distribution of the mean -- Introduction to hypothesis testing : The z test -- More about hypothesis testing -- Estimation (confidence intervals) -- t test for one sample -- t test for two independent samples -- t test for two related samples (repeated measures) -- Analysis of variance (one factor) -- Analysis of variance (repeated measures) -- Analysis of variance (two factors) -- Chi-square (Xp2s) test for qualitative (nominal) data -- Tests for ranked (ordinal) data -- Postscript : which test? -- Appendices. Math review ; Answers to selected questions ; Tables ; Glossary. |
| 520 ## - SUMMARY, ETC. |
| Summary, etc. |
The authors of this highly accessible book provide business professionals with a clear and methodical approach to essential statistical procedures. --from publisher description. |
| 650 #2 - SUBJECT ADDED ENTRY--TOPICAL TERM |
| Topical term or geographic name entry element |
Statistics as Topic. |
| 650 #0 - SUBJECT ADDED ENTRY--TOPICAL TERM |
| Topical term or geographic name entry element |
Statistics. |
| 650 07 - SUBJECT ADDED ENTRY--TOPICAL TERM |
| Topical term or geographic name entry element |
Statistik. |
| Source of heading or term |
swd |
| 650 #7 - SUBJECT ADDED ENTRY--TOPICAL TERM |
| Topical term or geographic name entry element |
Statistics. |
| Source of heading or term |
fast |
| 655 #7 - INDEX TERM--GENRE/FORM |
| Genre/form data or focus term |
Einf�uhrung. |
| Source of term |
swd |
| 655 #4 - INDEX TERM--GENRE/FORM |
| Genre/form data or focus term |
Einf�uhrung. |
| 700 1# - ADDED ENTRY--PERSONAL NAME |
| Personal name |
Witte, John S., |
| Relator term |
author. |
| 776 08 - ADDITIONAL PHYSICAL FORM ENTRY |
| Relationship information |
Online version: |
| Main entry heading |
Witte, Robert S. |
| Title |
Statistics. |
| Edition |
9th ed. |
| Place, publisher, and date of publication |
Hoboken, NJ : J. Wiley & Sons, c2010 |
| Record control number |
(OCoLC)761187384 |
| 856 41 - ELECTRONIC LOCATION AND ACCESS |
| Materials specified |
Table of contents |
| Uniform Resource Identifier |
<a href="http://bvbr.bib-bvb.de:8991/F?func=service&doc_library=BVB01&doc_number=018704536&line_number=0001&func_code=DB_RECORDS&service_type=MEDIA">http://bvbr.bib-bvb.de:8991/F?func=service&doc_library=BVB01&doc_number=018704536&line_number=0001&func_code=DB_RECORDS&service_type=MEDIA</a> |
| 942 ## - ADDED ENTRY ELEMENTS (KOHA) |
| Koha item type |
Books |
| 948 ## - LOCAL PROCESSING INFORMATION (OCLC); SERIES PART DESIGNATOR (RLIN) |
| h (OCLC) |
HELD BY GHUCC - 93 OTHER HOLDINGS |